[Event "GER-chT Christmas U20"]
[Site "Playchess.com INT"]
[Date "2020.12.29"]
[Round "1.4"]
[White "Toval, David"]
[Black "Lamm, Simon"]
[Result "1-0"]
[WhiteElo "1857"]
[BlackElo "1569"]
[PlyCount "121"]
[EventDate "2020.12.29"]
[EventType "team-swiss (blitz)"]
[EventRounds "7"]
[EventCountry "GER"]
[SourceTitle "CBM 200 Extra"]
[Source "ChessBase"]
[SourceDate "2021.03.31"]
[SourceVersion "1"]
[SourceVersionDate "2021.03.31"]
[SourceQuality "1"]
[WhiteTeam "Muenster"]
[BlackTeam "Windischeschenbach"]
[WhiteTeamCountry "GER"]
[BlackTeamCountry "GER"]

1. e4 e6 2. d4 d5 3. Nd2 c5 4. c3 Nc6 5. exd5 exd5 6. Ngf3 Nf6 7. Bb5 Be7 8. 0-0 0-0 9. dxc5 Bxc5 10. Nb3 Qb6 11. Bd3 Bg4 12. Nxc5 Qxc5 13. Be3 Qd6 14. Be2 Rad8 15. Nd4 Bxe2 16. Qxe2 Rfe8 17. Qf3 a6 18. Rfd1 Ne5 19. Qg3 Ne4 20. Qh3 Nc4 21. Nf5 Qg6 22. Rxd5 Rxd5 23. Ne7+ Kf8 24. Nxg6+ fxg6 25. Qxh7 Nxe3 26. fxe3 Nf6 27. Qxg6 Rxe3 28. Rf1 Rd6 29. Qg5 Rde6 30. h4 Re1 31. Qc5+ Kf7 32. Rxe1 Rxe1+ 33. Kf2 Re7 34. Qc4+ Kg6 35. Qd3+ Kf7 36. Kf3 Ne4 37. Qxe4 Rxe4 38. Kxe4 Ke6 39. g4 b6 40. h5 Kf6 41. Kf4 b5 42. g5+ Kf7 43. h6 gxh6 44. gxh6 Kg6 45. Ke5 Kxh6 46. b3 Kg7 47. c4 Kf8 48. cxb5 axb5 49. Kd5 Ke8 50. Kc5 Kd7 51. Kxb5 Kc7 52. a4 Kb7 53. a5 Ka7 54. Kc6 Ka6 55. b4 Ka7 56. b5 Kb8 57. a6 Ka8 58. b6 Kb8 59. b7 Ka7 60. Kc7 Kxa6 61. b8Q 1-0

[Event "Oberpfalz-ch M3"]
[Site "Windischeschenbach"]
[Date "2017.04.09"]
[Round "3"]
[White "Klinkhammer, Christopher"]
[Black "Lamm, Simon"]
[Result "1-0"]
[WhiteElo "1526"]
[BlackElo "1582"]
[PlyCount "61"]
[EventDate "2017.04.08"]
[EventType "swiss"]
[EventRounds "8"]
[EventCountry "GER"]
[SourceTitle "EXT 2020"]
[Source "ChessBase"]
[SourceDate "2019.10.17"]
[SourceVersion "1"]
[SourceVersionDate "2019.10.17"]
[SourceQuality "1"]

1. c4 e5 2. g3 g6 3. Bg2 Bg7 4. Nc3 Nc6 5. d3 Nge7 6. e4 d6 7. Be3 0-0 8. Qd2 f5 9. Nge2 Bd7 10. 0-0 Qc8 11. f3 a5 12. Bg5 Qd8 13. Nb5 Qc8 14. Bh6 Bxh6 15. Qxh6 Nb4 16. Qd2 Nbc6 17. Qg5 Rf7 18. a3 Na7 19. Nxa7 Rxa7 20. Qe3 Qa8 21. f4 Nc6 22. exf5 Rxf5 23. Be4 exf4 24. Rxf4 Rxf4 25. Qxf4 Qe8 26. Bd5+ Be6 27. Qe3 Ne5 28. Bxe6+ Qxe6 29. Qxa7 Nxd3 30. Rf1 Kg7 31. Qd4+ 1-0

[Event "Oberpfalz-ch M3"]
[Site "Windischeschenbach"]
[Date "2017.04.08"]
[Round "1"]
[White "Handl, Johann"]
[Black "Lamm, Simon"]
[Result "0-1"]
[WhiteElo "1905"]
[BlackElo "1582"]
[PlyCount "96"]
[EventDate "2017.04.08"]
[EventType "swiss"]
[EventRounds "8"]
[EventCountry "GER"]
[SourceTitle "EXT 2020"]
[Source "ChessBase"]
[SourceDate "2019.10.17"]
[SourceVersion "1"]
[SourceVersionDate "2019.10.17"]
[SourceQuality "1"]

1. e4 d5 2. Nc3 d4 3. Nb5 a6 4. Na3 e5 5. Nf3 Nc6 6. Nc4 f6 7. c3 d3 8. Nh4 Be6 9. b3 Qd7 10. Qf3 0-0-0 11. Ba3 Bxa3 12. Nxa3 Nge7 13. 0-0-0 g5 14. Qxf6 gxh4 15. Qxh4 Ng6 16. Qg3 Qd6 17. Nc4 Bxc4 18. bxc4 Qa3+ 19. Kb1 Nf4 20. Rc1 Na5 21. Bxd3 Rxd3 22. Qg7 Qf8 23. Qxf8+ Rxf8 24. Kc2 Nxc4 25. g3 Rxd2+ 26. Kb3 Ne2 27. Rcd1 b5 28. Rxd2 Nxd2+ 29. Kc2 Rxf2 30. Kxd2 Nxg3+ 31. Ke3 Nxh1 32. h4 Rxa2 33. Kf3 Kd7 34. Kg4 Rg2+ 35. Kh5 Ng3+ 36. Kh6 Rh2 37. Kxh7 Rxh4+ 38. Kg6 Rf4 39. c4 bxc4 40. Kg5 Nxe4+ 41. Kg6 Ke7 42. Kg7 Rg4+ 43. Kh6 Kf6 44. Kh5 Rg8 45. Kh4 Nf2 46. Kh5 Rg1 47. Kh4 Kf5 48. Kh5 Rh1# 0-1

[Event "Oberpfalz-ch M3"]
[Site "Windischeschenbach"]
[Date "2017.04.08"]
[Round "2"]
[White "Lamm, Simon"]
[Black "Schmidt, Oliver2222"]
[Result "1/2-1/2"]
[WhiteElo "1582"]
[BlackElo "1468"]
[PlyCount "72"]
[EventDate "2017.04.08"]
[EventType "swiss"]
[EventRounds "8"]
[EventCountry "GER"]
[SourceTitle "EXT 2020"]
[Source "ChessBase"]
[SourceDate "2019.10.17"]
[SourceVersion "1"]
[SourceVersionDate "2019.10.17"]
[SourceQuality "1"]

1. b4 Nf6 2. Bb2 g6 3. e3 Bg7 4. Nf3 d5 5. c4 c6 6. Nc3 Bg4 7. d4 0-0 8. b5 Nbd7 9. Qb3 dxc4 10. Bxc4 c5 11. Ng5 Qe8 12. h3 cxd4 13. exd4 Bf5 14. g4 e5 15. Bxf7+ Rxf7 16. Qxf7+ Qxf7 17. Nxf7 exd4 18. Ne2 Be4 19. 0-0 Kxf7 20. Bxd4 Bd3 21. Rfe1 Bxb5 22. Nc3 Bc6 23. g5 Nh5 24. Bxg7 Nxg7 25. Rad1 Nb6 26. Ne4 Bxe4 27. Rxe4 Nf5 28. a4 a5 29. Rb1 Ra6 30. Re5 Nd6 31. Rc5 Nxa4 32. Rc7+ Kg8 33. Re1 Rc6 34. Rxc6 bxc6 35. Ra1 Nb6 36. Rxa5 Nf5 1/2-1/2